书目信息 |
| 题名: |
应用数理统计方法
|
|
| 作者: | 陶 澍 编著 | |
| 分册: | ||
| 出版信息: | 北京 中国环境科学出版社 1994.08 |
|
| 页数: | 433页 | |
| 开本: | 20cm | |
| 丛书名: | ||
| 单 册: | ||
| 中图分类: | X11 | |
| 科图分类: | ||
| 主题词: | 环境数学 | |
| 电子资源: | ||
| ISBN: | 7-80093-547-7 | |
| 000 | 00563nam0 2200193 450 | |
| 001 | 1430701127 | |
| 005 | 20141103083317.60 | |
| 010 | @a7-80093-547-7@dCNY17.50 | |
| 100 | @a20141103d1994 km y0chiy0120 ea | |
| 101 | 0 | @achi |
| 102 | @aCN | |
| 200 | 1 | @a应用数理统计方法@Aying yong shu li tong ji fang fa@f陶 澍编著@Ftao shu bian zhu |
| 210 | @a北京@c中国环境科学出版社@d1994.08 | |
| 215 | @a433页@d20cm | |
| 606 | 0 | @a环境数学 |
| 690 | @aX11@v4 | |
| 701 | 0 | @a陶 澍@Atao shu@4编著 |
| 801 | 0 | @aCN@b大连网信软件有限公司图书馆·11@c20141103 |
| 905 | @aZUCC@dX11@eT338 | |
| 应用数理统计方法/陶 澍编著.-北京:中国环境科学出版社,1994.08 |
| 433页;20cm |
| ISBN 7-80093-547-7:CNY17.50 |
| ● |
| 相关链接 |
|
|
|
正题名:应用数理统计方法
索取号:X11/T338
 
预约/预借
| 序号 | 登录号 | 条形码 | 馆藏地/架位号 | 状态 | 备注 |
| 1 | 206398 | 202063989 | 自科库501/501自科库 92排2列3层/ [索取号:X11/T338] | 在馆 |